[Event "Politiken Cup 2007"]
[Site "Helsingor"]
[Date "2007.07.25"]
[Round "7.98"]
[White "Nielsen, Preben"]
[Black "Svane, Rasmus"]
[Result "0-1"]
[WhiteElo "1962"]
[BlackElo "1617"]
[PlyCount "42"]
[EventDate "2007.??.??"]

1. e4 c5 2. Nf3 e6 3. d4 cxd4 4. Nxd4 a6 5. c4 Nf6 6. f3 Nc6 7. Nc2 Qc7 8. Be3
d6 9. Nc3 Be7 10. Qd2 O-O 11. Rd1 b6 12. Qf2 Nd7 13. Qg3 Nce5 14. Bd4 Bf6 15.
Ne3 Bb7 16. f4 Ng6 17. Bxf6 Nxf6 18. Qf3 Nxe4 19. Ncd5 exd5 20. Nxd5 Bxd5 21.
Rxd5 Rfe8 0-1

[Event "Politiken Cup 2007"]
[Site "Helsingor"]
[Date "2007.07.25"]
[Round "7.99"]
[White "Traustason, Ingi Tandri"]
[Black "Hobber, Anders"]
[Result "1/2-1/2"]
[WhiteElo "1782"]
[BlackElo "1954"]
[PlyCount "37"]
[EventDate "2007.??.??"]

1. d4 Nf6 2. c4 e6 3. Nc3 d5 4. Bg5 Be7 5. e3 c6 6. Nf3 Nbd7 7. Bd3 h6 8. Bh4
dxc4 9. Bxc4 Nd5 10. Bxe7 Qxe7 11. O-O Nxc3 12. bxc3 e5 13. Re1 e4 14. Nd2 Nf6
15. Be2 O-O 16. c4 Bf5 17. Rb1 Rab8 18. Qa4 a6 19. c5 1/2-1/2

[Event "Politiken Cup 2007"]
[Site "Helsingor"]
[Date "2007.07.25"]
[Round "7.100"]
[White "Thorfinnsdottir, Elsa Maria"]
[Black "Almer, Julia"]
[Result "1/2-1/2"]
[WhiteElo "1693"]
[BlackElo "1932"]
[PlyCount "100"]
[EventDate "2007.??.??"]

1. e4 e5 2. Nf3 Nc6 3. Bc4 Bc5 4. c3 d6 5. d4 exd4 6. cxd4 Bb4+ 7. Bd2 Bxd2+ 8.
Nbxd2 Nf6 9. h3 O-O 10. O-O d5 11. e5 dxc4 12. exf6 Qxf6 13. Nxc4 Bf5 14. Nce5
Rad8 15. Nxc6 Qxc6 16. Rc1 Qb6 17. Qd2 c6 18. Rfe1 Be6 19. b3 Bd5 20. Ne5 Be6
21. Nf3 Rfe8 22. Qc3 Qc7 23. Qc5 Rd5 24. Qc3 Rdd8 25. Qc5 Rd5 26. Qc3 Red8 27.
Rcd1 Qf4 28. Qe3 Qf6 29. Qe4 h6 30. Rd2 a6 31. Red1 Qf5 32. Qxf5 Bxf5 33. Kf1
Be4 34. Ne5 c5 35. f3 Bf5 36. Nc4 Rxd4 37. Rxd4 Rxd4 38. Rxd4 cxd4 39. Ke1 b5
40. Ne5 Bb1 41. a3 Ba2 42. b4 Bd5 43. Kd2 f6 44. Nd7 Bc4 45. h4 Kf7 46. Nc5 f5
47. f4 Ke7 48. Nxa6 Kd6 49. Nc5 Kd5 50. g3 Bf1 1/2-1/2

[Event "Politiken Cup 2007"]
[Site "Helsingor"]
[Date "2007.07.25"]
[Round "7.101"]
[White "Eiholt, Bjarne"]
[Black "Wilsbeck, Jan B"]
[Result "0-1"]
[WhiteElo "1647"]
[BlackElo "1925"]
[PlyCount "62"]
[EventDate "2007.??.??"]

1. d4 Nf6 2. c4 g6 3. Nc3 Bg7 4. Bg5 h6 5. Bh4 O-O 6. e3 c5 7. Nf3 cxd4 8. exd4
d5 9. cxd5 Nxd5 10. Be2 Nc6 11. O-O Nf4 12. d5 Nb4 13. Bc4 g5 14. Bg3 Bxc3 15.
bxc3 Nbxd5 16. Qb3 e6 17. Rfe1 a6 18. a4 Qa5 19. Rac1 Ra7 20. Nd4 Bd7 21. Re5
Qxa4 22. f3 Qxb3 23. Nxb3 b5 24. Bf1 Rc7 25. c4 bxc4 26. Bxc4 Rfc8 27. Nd2 Bb5
28. Re4 f5 29. Bxf4 Nxf4 30. Bxe6+ Nxe6 31. Rxc7 Nxc7 0-1

[Event "Politiken Cup 2007"]
[Site "Helsingor"]
[Date "2007.07.25"]
[Round "7.102"]
[White "Jogvansson, Hjalti Toftum"]
[Black "Sjol, Henrik"]
[Result "1/2-1/2"]
[WhiteElo "1519"]
[BlackElo "1904"]
[PlyCount "35"]
[EventDate "2007.??.??"]

1. d4 Nf6 2. Nf3 e6 3. Bf4 c5 4. e3 Nc6 5. Bd3 cxd4 6. exd4 Qb6 7. c3 Qxb2 8.
Qb3 Qxb3 9. axb3 d5 10. Nbd2 Bd7 11. O-O Be7 12. b4 Bd8 13. Bd6 Ne7 14. Ra2 Nc8
15. Be5 O-O 16. Rfa1 Ne8 17. Nb3 b6 18. Ba6 1/2-1/2

[Event "Politiken Cup 2007"]
[Site "Helsingor"]
[Date "2007.07.25"]
[Round "7.103"]
[White "Christensen, Simon Ellegaard"]
[Black "Ziska, Andrias"]
[Result "0-1"]
[WhiteElo "1508"]
[BlackElo "1901"]
[PlyCount "94"]
[EventDate "2007.??.??"]

1. d4 Nf6 2. c4 g6 3. Nc3 Bg7 4. e4 O-O 5. f3 d6 6. Be3 e5 7. Nge2 Nc6 8. Qd2
Nd7 9. d5 Ne7 10. g4 f5 11. gxf5 gxf5 12. Bh6 Ng6 13. O-O-O f4 14. Bxg7 Kxg7
15. Ng1 Nf6 16. Qg2 Kh8 17. Nh3 Bd7 18. Ng5 Qe7 19. h4 Nh5 20. Qf2 h6 21. Nh3
Rg8 22. Ng1 Ng3 23. Rh2 a6 24. h5 Nf8 25. Bd3 Nh7 26. Nge2 Rg5 27. Rg1 Rag8 28.
Rhg2 Qg7 29. Nxg3 fxg3 30. Qe1 Bh3 31. Rd2 Nf6 32. Bf1 Bxf1 33. Qxf1 Nxh5 34.
Ne2 g2 35. Qf2 Kh7 36. a4 Qd7 37. b3 Qh3 38. Rd3 Nf4 39. Nxf4 exf4 40. Qa7 Qh2
41. Rdd1 Qg3 42. Rd3 R8g7 43. Qd4 h5 44. e5 Rxe5 45. c5 h4 46. Rd2 h3 47. Qd3+
Qg6 0-1

[Event "Politiken Cup 2007"]
[Site "Helsingor"]
[Date "2007.07.25"]
[Round "7.104"]
[White "Mikkelsen, Nikolaj"]
[Black "Thorsteinsdottir, Hallgerdur"]
[Result "1-0"]
[WhiteElo "2303"]
[BlackElo "1808"]
[PlyCount "53"]
[EventDate "2007.??.??"]

1. e4 c6 2. d4 d5 3. Nc3 dxe4 4. Nxe4 Bf5 5. Ng3 Bg6 6. h4 h6 7. Nf3 Nd7 8. h5
Bh7 9. Bd3 Bxd3 10. Qxd3 e6 11. Bf4 Qa5+ 12. Bd2 Qc7 13. O-O-O Ngf6 14. Ne4
Nxe4 15. Qxe4 Nf6 16. Qe2 Bd6 17. g3 O-O 18. Kb1 Rfd8 19. c4 Rac8 20. Bc3 Be7
21. Rde1 Kf8 22. Ne5 c5 23. dxc5 Qxc5 24. g4 Qb6 25. g5 hxg5 26. h6 Kg8 27. h7+
1-0

[Event "Politiken Cup 2007"]
[Site "Helsingor"]
[Date "2007.07.25"]
[Round "7.105"]
[White "Hedler, Robert"]
[Black "Svendsen, Peter"]
[Result "1/2-1/2"]
[WhiteElo "1800"]
[BlackElo "2015"]
[PlyCount "103"]
[EventDate "2007.??.??"]

1. d4 Nf6 2. b3 d5 3. c4 c6 4. e3 Bf5 5. Bd3 Bxd3 6. Qxd3 Nbd7 7. Bb2 e6 8. a3
Bd6 9. Nf3 O-O 10. Nbd2 Qc7 11. c5 Be7 12. b4 b6 13. O-O bxc5 14. bxc5 Rfe8 15.
h3 Bf8 16. Nb3 Ne4 17. Nfd2 Nxd2 18. Nxd2 e5 19. f4 exd4 20. exd4 Nf6 21. g3
Ne4 22. Nxe4 Rxe4 23. Bc3 Qd7 24. g4 Rae8 25. Rae1 g6 26. Kg2 Bg7 27. Qd2 Qe7
28. Kg3 Re3+ 29. Rxe3 Qxe3+ 30. Qxe3 Rxe3+ 31. Rf3 Rxf3+ 32. Kxf3 f5 33. g5 Kf7
34. Ke3 Ke6 35. Kd3 h6 36. h4 Kd7 37. Kc2 Kc8 38. Kb3 Kb7 39. a4 hxg5 40. hxg5
Ka6 41. Kc2 Bf8 42. Bd2 Be7 43. Kb3 Bd8 44. Ka3 Bc7 45. Kb3 Kb7 46. Ka3 Kc8 47.
Kb3 Kd7 48. Ka3 Ke6 49. Kb3 Bd8 50. Ka3 Be7 51. Be3 Bd8 52. Bd2 1/2-1/2

[Event "Politiken Cup 2007"]
[Site "Helsingor"]
[Date "2007.07.25"]
[Round "7.106"]
[White "Werner, Gert"]
[Black "Almasy, Alexander"]
[Result "1/2-1/2"]
[WhiteElo "2003"]
[BlackElo "1752"]
[PlyCount "90"]
[EventDate "2007.??.??"]

1. Nf3 Nf6 2. g3 e6 3. Bg2 d5 4. O-O Be7 5. d4 O-O 6. c4 Nbd7 7. Qc2 c5 8. cxd5
Nxd5 9. a3 Qb6 10. dxc5 Nxc5 11. b4 Na6 12. e4 Nf6 13. Be3 Qc7 14. Qxc7 Nxc7
15. Rc1 Nce8 16. Nbd2 Ng4 17. Bd4 f6 18. h3 Nh6 19. e5 Nf5 20. Ne4 Nxd4 21.
Nxd4 fxe5 22. Nb5 Bd7 23. Nc7 Rc8 24. Nxe8 Rfxe8 25. Nc5 Bxc5 26. bxc5 Bc6 27.
Rab1 Re7 28. Bxc6 Rxc6 29. Kg2 Rec7 30. Kf3 Kf7 31. Ke4 Kf6 32. Rb3 Rxc5 33.
Rxc5 Rxc5 34. Rxb7 Ra5 35. Rb3 Ra4+ 36. Ke3 h5 37. h4 Kf5 38. Rc3 e4 39. Ke2 e5
40. Rb3 g6 41. Rc3 Rd4 42. Rc7 a5 43. Rc5 Ra4 44. Rc3 Rd4 45. Rc5 Ra4 1/2-1/2

[Event "Politiken Cup 2007"]
[Site "Helsingor"]
[Date "2007.07.25"]
[Round "7.107"]
[White "Green, Per"]
[Black "Joensen, Jogvan"]
[Result "1-0"]
[WhiteElo "1997"]
[BlackElo "1752"]
[PlyCount "59"]
[EventDate "2007.??.??"]

1. Nf3 Nf6 2. c4 g6 3. Nc3 Bg7 4. e4 d6 5. d4 O-O 6. Be2 Nbd7 7. O-O c6 8. Re1
e5 9. Bf1 a6 10. Be3 b5 11. cxb5 cxb5 12. Bg5 h6 13. Bh4 g5 14. Bg3 Nh5 15.
Nxe5 dxe5 16. Qxh5 exd4 17. Nd5 Nf6 18. Nxf6+ Qxf6 19. Bd3 Be6 20. Qe2 Rfc8 21.
Bd6 Bg4 22. Qxg4 Qxd6 23. Rac1 Rc7 24. Rxc7 Qxc7 25. a3 Rd8 26. h4 Qc5 27. e5
Bxe5 28. hxg5 h5 29. Qxh5 Re8 30. f4 1-0

[Event "Politiken Cup 2007"]
[Site "Helsingor"]
[Date "2007.07.25"]
[Round "7.108"]
[White "Jorgensen, Orla Eilegaard"]
[Black "Petersen, Lars"]
[Result "0-1"]
[WhiteElo "1731"]
[BlackElo "1958"]
[PlyCount "84"]
[EventDate "2007.??.??"]

1. c4 Nf6 2. g3 g6 3. Bg2 Bg7 4. Nc3 O-O 5. Nf3 c5 6. O-O Nc6 7. Re1 d6 8. a3
Be6 9. d3 Rb8 10. Rb1 Ng4 11. Qc2 a5 12. b3 h5 13. h3 Nh6 14. Bb2 Nf5 15. h4
Nfd4 16. Nxd4 Nxd4 17. Qd1 Bg4 18. Ba1 e5 19. Nd5 Nc6 20. b4 axb4 21. axb4 cxb4
22. Nxb4 Bd7 23. Nd5 b6 24. Bc3 f5 25. f4 Nd4 26. e3 Ne6 27. Bb4 Bc8 28. Qa4
Nc5 29. Qc2 Be6 30. Nc3 Bf7 31. Ra1 Re8 32. Nb5 exf4 33. Bc3 fxg3 34. Ra7 Re7
35. Bd2 Rxa7 36. Nxa7 Qxh4 37. Nc6 Re8 38. Rb1 Qh2+ 39. Kf1 h4 40. Nd4 h3 41.
Be1 Rxe3 42. Nf3 Rxf3+ 0-1

[Event "Politiken Cup 2007"]
[Site "Helsingor"]
[Date "2007.07.25"]
[Round "7.110"]
[White "Clausen, HansJørgen"]
[Black "Ringoir, Guy"]
[Result "0-1"]
[WhiteElo "1667"]
[BlackElo "1938"]
[PlyCount "60"]
[EventDate "2007.??.??"]

1. d4 Nf6 2. Nf3 g6 3. e3 Bg7 4. c4 c5 5. Nc3 cxd4 6. exd4 O-O 7. Be2 d5 8. c5
b6 9. cxb6 Qxb6 10. O-O Nc6 11. Na4 Qd8 12. Nc5 Ne4 13. Nb3 a5 14. Be3 Rb8 15.
Qc1 Qb6 16. Rd1 Bg4 17. Nbd2 Bxf3 18. Nxf3 Rfc8 19. Qb1 Qxb2 20. Qxb2 Rxb2 21.
Bf1 Nb4 22. a3 Nc6 23. Rdc1 Na7 24. Rxc8+ Nxc8 25. Rc1 Ncd6 26. Ne1 Ra2 27. f3
Nd2 28. Rc3 Nxf1 29. Kxf1 Nc4 30. Nc2 Rxc2 0-1

[Event "Politiken Cup 2007"]
[Site "Helsingor"]
[Date "2007.07.25"]
[Round "7.111"]
[White "Erikstad, Olav"]
[Black "Wilhelm, Holger"]
[Result "0-1"]
[WhiteElo "1936"]
[BlackElo "1690"]
[PlyCount "54"]
[EventDate "2007.??.??"]

1. e4 c6 2. d4 d6 3. Nc3 Nf6 4. Be3 Qc7 5. Nf3 Bg4 6. Be2 e5 7. d5 Be7 8. O-O
O-O 9. dxc6 bxc6 10. h3 Bh5 11. g4 Bg6 12. Nh4 Nfd7 13. Nxg6 fxg6 14. g5 Rf4
15. Bxf4 exf4 16. h4 Ne5 17. Qd2 f3 18. Bd1 Na6 19. Nd5 cxd5 20. Qxd5+ Kf8 21.
Qxa8+ Bd8 22. Qd5 Qd7 23. Kh2 Qg4 24. Qxd6+ Be7 25. Bxf3 Nxf3+ 26. Kh1 Qh3+ 27.
Qh2 Qxh2# 0-1

[Event "Politiken Cup 2007"]
[Site "Helsingor"]
[Date "2007.07.25"]
[Round "7.112"]
[White "Rasmussen, Henning"]
[Black "Christiansen, Torsten Sundgaard"]
[Result "1-0"]
[WhiteElo "1902"]
[BlackElo "1658"]
[PlyCount "63"]
[EventDate "2007.??.??"]

1. Nf3 f5 2. c4 Nf6 3. Nc3 g6 4. d4 Bg7 5. g3 c6 6. Bg2 O-O 7. O-O d6 8. Rb1 a5
9. e3 Na6 10. a3 c5 11. d5 Bd7 12. b3 h6 13. Bb2 Rb8 14. a4 Nc7 15. Nd2 Qc8 16.
e4 f4 17. Ne2 e5 18. dxe6 Nxe6 19. e5 Ng4 20. exd6 Bxb2 21. Rxb2 Ne5 22. Nf3
Nxf3+ 23. Bxf3 Bc6 24. Bd5 Kh7 25. Nxf4 Nxf4 26. gxf4 Rxf4 27. f3 Qd7 28. Bxc6
Qxc6 29. Re2 Rd8 30. Re7+ Kg8 31. Qd2 g5 32. Qd3 1-0

[Event "Politiken Cup 2007"]
[Site "Helsingor"]
[Date "2007.07.25"]
[Round "7.113"]
[White "Baldursson, Gestur"]
[Black "Fjellengen, Baard"]
[Result "1/2-1/2"]
[WhiteElo "1625"]
[BlackElo "1899"]
[PlyCount "66"]
[EventDate "2007.??.??"]

1. e4 c5 2. Nf3 e6 3. c4 b6 4. d3 Bb7 5. Nc3 g6 6. g3 Bg7 7. Bg2 Ne7 8. O-O O-O
9. Bf4 d5 10. exd5 exd5 11. cxd5 Nxd5 12. Qd2 Nxf4 13. Qxf4 Na6 14. Rfe1 Nc7
15. Re2 Ne6 16. Qd2 Rb8 17. Ne4 Qd7 18. Rd1 Rfe8 19. b3 f5 20. Neg5 Bxf3 21.
Bxf3 Nd4 22. Rxe8+ Rxe8 23. Bg2 Bh6 24. h4 Re2 25. Qf4 Re8 26. Kf1 Bg7 27. Rd2
h6 28. Nf3 Qe7 29. a3 Nxf3 30. Bxf3 Kh7 31. h5 Qg5 32. hxg6+ Kxg6 33. Qd6+ Qf6
1/2-1/2

[Event "Politiken Cup 2007"]
[Site "Helsingor"]
[Date "2007.07.25"]
[Round "7.114"]
[White "van Veelen, Jouke"]
[Black "Schmidt, Horst Hubert"]
[Result "1-0"]
[WhiteElo "1565"]
[BlackElo "1896"]
[PlyCount "75"]
[EventDate "2007.??.??"]

1. d4 d5 2. c4 Nf6 3. Nf3 g6 4. Nc3 Bg7 5. Bf4 a6 6. cxd5 Nxd5 7. Nxd5 Qxd5 8.
Bxc7 Nc6 9. e3 O-O 10. Be2 b5 11. O-O Bb7 12. a4 Rfc8 13. Bg3 b4 14. Rc1 Na5
15. Bc7 e6 16. Rc5 Qxc5 17. dxc5 Rxc7 18. Qd2 Nc6 19. Qd6 Rcc8 20. Qd7 Nd8 21.
Qd2 Rxc5 22. Rd1 b3 23. Nd4 Bxd4 24. Qxd4 Rc2 25. Bc4 Nc6 26. Qb6 Rxc4 27. Qxb7
Ra7 28. Qxb3 Rc5 29. Qb6 Rd7 30. Rf1 Rc2 31. Qxa6 Rdd2 32. Qb6 Nd8 33. b4 Rc6
34. Qb8 Kg7 35. b5 Rc4 36. a5 Kf6 37. a6 Ke7 38. a7 1-0

[Event "Politiken Cup 2007"]
[Site "Helsingor"]
[Date "2007.07.25"]
[Round "7.115"]
[White "Clausen, Jørgen"]
[Black "Christensen, Emilie Ellegaard"]
[Result "0-1"]
[WhiteElo "1543"]
[BlackElo "1880"]
[PlyCount "78"]
[EventDate "2007.??.??"]

1. d4 d5 2. c4 c6 3. Nc3 Nf6 4. Bf4 e6 5. e3 Qa5 6. Bd3 Bb4 7. Nge2 dxc4 8.
Bxc4 Nd5 9. Bxd5 exd5 10. O-O Bf5 11. Qb3 Qb6 12. Na4 Qb5 13. Nec3 Qc4 14. Qd1
b5 15. Qh5 g6 16. Qh6 bxa4 17. Be5 Bf8 18. Qh4 Be7 19. Qg3 O-O 20. Rac1 Qb4 21.
Bf4 Nd7 22. Nd1 Bd3 23. a3 Qd2 24. e4 Qe2 25. Nc3 Qxb2 26. Qxd3 Qxa3 27. exd5
cxd5 28. Ra1 Qb3 29. Rxa4 Bb4 30. Qb5 Qxc3 31. Qxd7 Rfd8 32. Qb7 a5 33. Bg5
Rab8 34. Qa6 Rd6 35. Qa7 Rc8 36. Be7 Rdc6 37. g3 Qb3 38. Raa1 R6c7 39. Rab1
Qxb1 0-1

[Event "Politiken Cup 2007"]
[Site "Helsingor"]
[Date "2007.07.25"]
[Round "7.116"]
[White "Larsen, Bjarke"]
[Black "Tudvad, Mads"]
[Result "0-1"]
[WhiteElo "1395"]
[BlackElo "1873"]
[PlyCount "78"]
[EventDate "2007.??.??"]

1. e4 c5 2. Nf3 d6 3. d4 cxd4 4. Nxd4 Nf6 5. Nc3 a6 6. f3 e5 7. Nde2 Be7 8. Be3
Nc6 9. Qd2 b5 10. O-O-O Qa5 11. Kb1 O-O 12. Nd5 Nxd5 13. exd5 Qxd2 14. Bxd2 Nb8
15. Ng3 f5 16. Bd3 g6 17. c4 bxc4 18. Bxc4 Nd7 19. Bc3 Nb6 20. Bb3 Bf6 21. Ba5
Rb8 22. Rc1 Bd7 23. Rc7 Bb5 24. Rhc1 Bg5 25. Rd1 Be3 26. Bb4 Rfd8 27. Rc6 Ba4
28. Bxa4 Nxa4 29. Ba3 Rb6 30. Rd3 Bc5 31. Rxb6 Nxb6 32. b4 Bd4 33. Ne2 Nxd5 34.
Nxd4 exd4 35. Rxd4 Nc3+ 36. Kb2 Nb5 37. Rd3 Re8 38. Kb3 Re2 39. Bc1 Rxg2 0-1

[Event "Politiken Cup 2007"]
[Site "Helsingor"]
[Date "2007.07.25"]
[Round "7.117"]
[White "Cromsight, Jeroen"]
[Black "Mæchel, Michael"]
[Result "1-0"]
[WhiteElo "1872"]
[BlackElo "1605"]
[PlyCount "103"]
[EventDate "2007.??.??"]

1. e4 e5 2. Nf3 Nf6 3. Bc4 Nxe4 4. Nc3 Nxc3 5. dxc3 Be7 6. Nxe5 O-O 7. Qh5 d5
8. Nxf7 Qe8 9. Bxd5 Rxf7 10. Qxf7+ Qxf7 11. Bxf7+ Kxf7 12. Bf4 c6 13. O-O-O Nd7
14. Bd6 Nf6 15. Rhe1 Be6 16. b3 Bxd6 17. Rxd6 Re8 18. c4 Bf5 19. Rxe8 Kxe8 20.
f3 Ke7 21. Rd1 Nd7 22. Kb2 a5 23. Kc3 b6 24. Re1+ Kf7 25. a3 Nc5 26. b4 axb4+
27. axb4 Nd7 28. Rd1 c5 29. b5 Ke7 30. g4 Be6 31. Re1 Kf6 32. h3 g5 33. f4 gxf4
34. Re4 f3 35. Rf4+ Kg5 36. Rxf3 Ne5 37. Rf1 Nxc4 38. h4+ Kxg4 39. Rf6 Bg8 40.
Rf8 Bd5 41. Rd8 Bf7 42. Rd7 Ne5 43. Re7 Kf5 44. Rb7 h5 45. Rxb6 Kg4 46. Rf6
Kxh4 47. Rf5 Be8 48. b6 Nc6 49. b7 Kg4 50. Rf8 Bd7 51. Rc8 Ne7 52. Rxc5 1-0

[Event "Politiken Cup 2007"]
[Site "Helsingor"]
[Date "2007.07.25"]
[Round "7.118"]
[White "Minguez Greciano, Iluminada"]
[Black "Agdestein, Einar Døving"]
[Result "1-0"]
[WhiteElo "1861"]
[BlackElo "1314"]
[PlyCount "53"]
[EventDate "2007.??.??"]

1. c4 e5 2. g3 Bc5 3. Bg2 Nc6 4. Nc3 a6 5. e3 d6 6. Nge2 Be6 7. b3 Ba7 8. d4
exd4 9. exd4 Bg4 10. O-O Nge7 11. Be3 Nf5 12. Qd2 O-O 13. h3 Nxe3 14. fxe3 Bh5
15. Nf4 Bg6 16. Nxg6 hxg6 17. Rae1 Rb8 18. Kh2 Qd7 19. Rf2 Rbe8 20. Ref1 Qe7
21. Nd5 Qd7 22. Qd3 Qd8 23. Rf4 Ne7 24. Nxe7+ Rxe7 25. Bxb7 Rfe8 26. Bd5 Rf8
27. Qxg6 1-0

[Event "Politiken Cup 2007"]
[Site "Helsingor"]
[Date "2007.07.25"]
[Round "7.119"]
[White "Larsen, Finn"]
[Black "Suntharalingam, Jathavan"]
[Result "0-1"]
[WhiteElo "1840"]
[BlackElo "1540"]
[PlyCount "84"]
[EventDate "2007.??.??"]

1. e4 c5 2. Nf3 Nc6 3. d4 cxd4 4. Nxd4 e5 5. Nf3 Nf6 6. Nc3 Bb4 7. Bd3 d5 8.
exd5 Nxd5 9. Bd2 Bxc3 10. bxc3 O-O 11. O-O Bg4 12. h3 Bh5 13. Be2 f5 14. Nxe5
Bxe2 15. Qxe2 Re8 16. f4 Qe7 17. Qc4 Nxe5 18. fxe5 Qe6 19. Rae1 Rac8 20. Qd3
Rf8 21. Rf3 Rcd8 22. Qe2 Rde8 23. c4 Nf6 24. Bc3 Ne4 25. Bd4 Rc8 26. c5 Nxc5
27. c3 Ne4 28. Rb1 b6 29. Qb2 Qc4 30. Rd1 Ng5 31. Rg3 h6 32. Qc1 f4 33. Rgd3 f3
34. h4 Ne6 35. Bf2 Nf4 36. Qc2 Nxd3 37. Rxd3 Qg4 38. g3 Qh3 39. Be1 Qf5 40. Qd2
Qxe5 41. Re3 Qf5 42. Bf2 Rcd8 0-1

[Event "Politiken Cup 2007"]
[Site "Helsingor"]
[Date "2007.07.25"]
[Round "7.120"]
[White "Edakina, Maria"]
[Black "Motzkus, Mikkel"]
[Result "0-1"]
[WhiteElo "1281"]
[BlackElo "1839"]
[PlyCount "53"]
[EventDate "2007.??.??"]

1. d4 Nf6 2. c4 e6 3. Nf3 Bb4+ 4. Nbd2 O-O 5. a3 Be7 6. Qc2 d5 7. e3 dxc4 8.
Bxc4 b6 9. O-O Bb7 10. b4 Nbd7 11. e4 c5 12. bxc5 bxc5 13. Bb2 Rc8 14. Qb3 Nb6
15. e5 Ne4 16. Nxe4 Bxe4 17. Ba6 Bd5 18. Qd1 Rb8 19. Be2 Qd7 20. Bc3 Na4 21.
Ba5 Bb3 22. Qd2 Bd8 23. dxc5 Qxd2 24. Bxd2 Nxc5 25. Be3 Bb6 26. Rfc1 Rfc8 27.
Ba6 0-1

[Event "Politiken Cup 2007"]
[Site "Helsingor"]
[Date "2007.07.25"]
[Round "7.121"]
[White "Johansen, Stian"]
[Black "Palsson, Svanberg Mar"]
[Result "0-1"]
[WhiteElo "1000"]
[BlackElo "1817"]
[PlyCount "66"]
[EventDate "2007.??.??"]

1. e4 c5 2. Nf3 d6 3. d4 cxd4 4. Nxd4 Nf6 5. Nc3 a6 6. Be2 e6 7. Bg5 Be7 8. Qd2
b5 9. a3 Bb7 10. f3 Qb6 11. Be3 Qc7 12. O-O-O O-O 13. h4 Nbd7 14. g4 Nb6 15. h5
Rac8 16. Bd3 Nfd7 17. h6 g6 18. f4 Nc4 19. Bxc4 Qxc4 20. f5 e5 21. fxg6 fxg6
22. Nb3 b4 23. axb4 Qxb4 24. Qd3 Nf6 25. Ne2 Nxg4 26. Rdf1 Nf6 27. Bg5 Rc7 28.
Bxf6 Bxf6 29. Rhg1 Qxe4 30. Qh3 Bc8 31. Qg3 Be6 32. Rg2 Rcf7 33. Rgf2 Bg5+ 0-1

[Event "Politiken Cup 2007"]
[Site "Helsingor"]
[Date "2007.07.25"]
[Round "7.122"]
[White "Brandt, Eivind"]
[Black "Pieri, Enzo"]
[Result "0-1"]
[WhiteElo "1030"]
[BlackElo "1909"]
[PlyCount "68"]
[EventDate "2007.??.??"]

1. d4 d5 2. c4 e6 3. Nc3 Nf6 4. Bg5 Be7 5. e3 h6 6. Bh4 Nbd7 7. a3 c6 8. Bd3 e5
9. Bxf6 Bxf6 10. cxd5 exd4 11. exd4 cxd5 12. Qa4 O-O 13. Nxd5 Nb6 14. Nxf6+
Qxf6 15. Qd1 Be6 16. Ne2 Rad8 17. O-O Nd5 18. Nc3 Nf4 19. Ne2 Nxe2+ 20. Qxe2
Rxd4 21. Be4 Bc4 22. Qc2 Bxf1 23. Kxf1 Qa6+ 24. Kg1 Rfd8 25. h3 Rd2 26. Qb3 b6
27. Re1 Qc8 28. Re3 Qc1+ 29. Kh2 Rxb2 30. Qa4 Rxf2 31. Rd3 Qf4+ 32. Rg3 Qc7 33.
Kg1 Qxg3 34. h4 Qf4 0-1

[Event "Politiken Cup 2007"]
[Site "Helsingor"]
[Date "2007.07.25"]
[Round "7.123"]
[White "Hansen, Henrik Damgaard"]
[Black "Ryberg, Denis"]
[Result "1/2-1/2"]
[WhiteElo "1904"]
[BlackElo "1410"]
[PlyCount "106"]
[EventDate "2007.??.??"]

1. e4 c5 2. c3 Nc6 3. d4 cxd4 4. cxd4 e5 5. d5 Nd4 6. Ne2 Bb4+ 7. Bd2 Bxd2+ 8.
Qxd2 Nxe2 9. Bxe2 d6 10. O-O Nf6 11. Nc3 O-O 12. Kh1 Ng4 13. f3 Nh6 14. g4 f6
15. Rac1 a6 16. Bd1 Bd7 17. Rg1 Nf7 18. h4 Rc8 19. Bb3 b5 20. Ne2 Qb6 21. Kg2
Rc5 22. Rc2 Rfc8 23. Rgc1 a5 24. Rxc5 Rxc5 25. Qe3 Qc7 26. Kf2 b4 27. Rxc5 Qxc5
28. Qxc5 dxc5 29. Bc4 Nd6 30. b3 a4 31. Bd3 Kf8 32. Nc1 Ke7 33. Ba6 axb3 34.
axb3 Nb5 35. Ne2 Kd6 36. h5 Kc7 37. Ke3 Kb6 38. Bxb5 Bxb5 39. Kd2 c4 40. bxc4
Bxc4 41. Ng3 g6 42. hxg6 hxg6 43. Nh1 Kc5 44. Nf2 Kb5 45. Nd3 Bxd3 46. Kxd3 Kc5
47. Kc2 Kb5 48. Kb3 Kc5 49. g5 fxg5 50. d6 Kxd6 51. Kxb4 Kc6 52. Kc4 g4 53.
fxg4 g5 1/2-1/2

[Event "Politiken Cup 2007"]
[Site "Helsingor"]
[Date "2007.07.25"]
[Round "7.124"]
[White "Lie, Terje"]
[Black "Hirneise, Lothar"]
[Result "0-1"]
[WhiteElo "1772"]
[BlackElo "1450"]
[PlyCount "196"]
[EventDate "2007.??.??"]

1. d4 Nf6 2. c4 e5 3. dxe5 Ng4 4. Bf4 Nc6 5. Nf3 Bb4+ 6. Nc3 Bxc3+ 7. bxc3 Qe7
8. e3 Ngxe5 9. Be2 d6 10. O-O O-O 11. Nd4 b6 12. a4 Bb7 13. Nf3 Rad8 14. Qc2
Ng6 15. h3 Nxf4 16. exf4 Qf6 17. g3 Ne7 18. Ng5 g6 19. h4 Rfe8 20. h5 Kg7 21.
Bd3 Nf5 22. Rfe1 Bc6 23. hxg6 hxg6 24. Be4 Bxe4 25. Rxe4 Rxe4 26. Nxe4 Qe6 27.
Qd3 Rh8 28. a5 Ne7 29. Ng5 Qd7 30. axb6 Qc6 31. Qd4+ Kg8 32. Ne4 axb6 33. Kg2
f5 34. f3 fxe4 35. fxe4 Nf5 36. Qd3 Qxc4 37. Qf3 Ne7 38. f5 d5 39. fxg6 Qxe4
40. Qxe4 dxe4 41. Ra7 Nd5 42. c4 Ne3+ 43. Kf2 Ng4+ 44. Kg1 Rh6 45. Rxc7 Rxg6
46. c5 bxc5 47. Rxc5 Kf7 48. Ra5 e3 49. Kf1 Rf6+ 50. Ke1 Rf3 51. Ra7+ Kf6 52.
Ra6+ Kg5 53. Ra5+ Rf5 54. Ra8 Nf6 55. Ra4 Re5 56. Ke2 Nh5 57. g4 Nf6 58. Ra7
Nxg4 59. Rg7+ Kf4 60. Rf7+ Rf5 61. Re7 Kg3 62. Re6 Rf2+ 63. Ke1 Rb2 64. Re7 Kg2
65. Re8 Rb1+ 66. Ke2 Rb2+ 67. Ke1 Rb4 68. Ke2 Rb5 69. Re7 Kg1 70. Re8 Rb2+ 71.
Ke1 Kg2 72. Re7 Kf3 73. Rf7+ Kg3 74. Re7 Rb4 75. Ke2 Rf4 76. Re8 Rf5 77. Re7
Kf4 78. Re8 Re5 79. Rf8+ Ke4 80. Rf7 Nh6 81. Rf6 Nf5 82. Rg6 Nd4+ 83. Ke1 Kd3
84. Rg3 Nc2+ 85. Kd1 Rf5 86. Kc1 Rf1+ 87. Kb2 Kd2 88. Rg8 Ne1 89. Kb3 Nd3 90.
Rc8 e2 91. Rc2+ Ke3 92. Rc8 e1=Q 93. Re8+ Kd2 94. Rd8 Qe6+ 95. Ka4 Rf4+ 96. Kb5
Rf5+ 97. Ka4 Qa6+ 98. Kb3 Qb6+ 0-1

[Event "Politiken Cup 2007"]
[Site "Helsingor"]
[Date "2007.07.25"]
[Round "7.125"]
[White "Pallesen, Jørn"]
[Black "Meier, Lars"]
[Result "0-1"]
[WhiteElo "1462"]
[BlackElo "1744"]
[PlyCount "158"]
[EventDate "2007.??.??"]

1. e4 d5 2. exd5 Nf6 3. Bb5+ Bd7 4. Bc4 Bg4 5. f3 Bf5 6. Nc3 Nbd7 7. d4 Nb6 8.
Bb5+ Bd7 9. Bf4 Bxb5 10. Nxb5 Nbxd5 11. Bg3 c6 12. Nc3 e6 13. Nxd5 Nxd5 14. c3
Bd6 15. Qd2 Bxg3+ 16. hxg3 Qc7 17. Ne2 O-O-O 18. O-O-O Qa5 19. c4 Qxd2+ 20.
Rxd2 Ne3 21. c5 h6 22. Rd3 Nd5 23. a3 Nc7 24. Rhd1 Rd7 25. Nc3 f5 26. Kc2 Nd5
27. Ne2 Re7 28. Nf4 Nxf4 29. gxf4 g5 30. fxg5 hxg5 31. Re3 Kd7 32. b4 Rh2 33.
Rd2 Rh4 34. Kc3 g4 35. g3 Rh3 36. f4 Reh7 37. Kc4 Rh2 38. Rdd3 Rc2+ 39. Rc3
Rhh2 40. Rxc2 Rxc2+ 41. Rc3 Rf2 42. Rd3 b6 43. Kc3 b5 44. Rd2 Rf3+ 45. Rd3 Rf1
46. Kb2 a6 47. Kc2 Ra1 48. Kb2 Rg1 49. Kc2 Ke7 50. Kd2 Kf6 51. Ke2 Rg2+ 52. Kf1
Rc2 53. Kg1 Ke7 54. Kf1 Kd7 55. Ke1 Rc4 56. Kd2 a5 57. bxa5 Kc7 58. Ke2 Ra4 59.
Kd2 Rxa5 60. Kc2 Ra4 61. Kd2 Rc4 62. Kd1 Kb7 63. Kd2 Ka6 64. Kd1 b4 65. axb4
Rxb4 66. Kc2 Kb5 67. Rb3 Kc4 68. Rxb4+ Kxb4 69. Kd3 Kb3 70. d5 exd5 71. Kd4 Kb4
72. Ke5 Kxc5 73. Kxf5 d4 74. Ke4 Kc4 75. f5 d3 76. Ke3 Kc3 77. f6 d2 78. f7
d1=Q 79. f8=Q Qe1+ 0-1